Tak czy nie - Statystyki

Ogólne statystyki
  • Ten quiz został rozwiązany 35 razy
  • Średni wynik to 10 z 15
Statystyki odpowiedzi
Zagadnienie Odpowiedź % Poprawnych
Kopernik był z warszawy Nie
91%
Madagaskar jest wyspą Tak
91%
Nietoperz to ssak Tak
85%
Ziemniak to owoc Nie
82%
Jezus miał 12 apostołów Tak
82%
Jan Paweł I to Karol Wojtyła Nie
79%
Mickiewicz napisał "Balladynę" Nie
76%
I wojna światowa wybuchła w 1914r. Tak
76%
Pomidor to owoc Tak
70%
Wieloryb to ryba Nie
67%
Anglia to państwo Nie
64%
Jezus urodził się 24 grudnia Nie
64%
Ronaldo jest goatem Tak
61%
W cytozolu wytwarzana jest energia Tak
36%
Ogórek to owoc Tak
24%
Nie znaleziono quizów pasujących do podanych kryteriów
Rozkład punktacji
Procent ludzi z każdym wynikiem
Percentyl według liczby udzielonych odpowiedzi
Twoja historia wyników
Nie rozwiązałeś tego quizu